| 000 | 00386cam a22001217a 4500 | ||
|---|---|---|---|
| 008 | 180718b1962 xxu||||| |||| 00| 0 eng d | ||
| 082 | _aQ43 C436m | ||
| 245 |
_aMaternal deprivation _cby Child Welfare League of America, U.S.A. |
||
| 260 |
_aNew York _bChild Welfare League of America _c1962 |
||
| 300 | _a72p. | ||
| 650 | _aChild Welfare | ||
| 700 | _aU.S.A. Child Welfare League of America | ||
| 999 |
_c362220 _d362220 |
||